La prueba

Gespeichert in:
Bibliographische Detailangaben
1. Verfasser: Taruffo, Michele (VerfasserIn)
Format: Buch
Sprache:Spanisch
Veröffentlicht: Madrid Marcial Pons 2008
Schriftenreihe:Colección Filosofía y Derecho
Schlagworte:
Tags: Tag hinzufügen
Keine Tags, Fügen Sie den ersten Tag hinzu!

MARC

LEADER 00000cam a2200000 a 4500
001 UCF9140
003 CL-VaPUC
008 131025e20080000sp |||||||||||||||||spa|d
020 |a 9788497686167 
082 0 4 |a 347.06  |b TAR  |2 21 
100 0 |a Taruffo, Michele  |e author  |9 571369 
245 1 3 |a La prueba 
300 |a 324 p 
942 |c BK 
945 |d 20131025 12:28:00  |a dcastane 
260 |a Madrid  |b Marcial Pons  |c 2008 
650 0 |a Procedimiento civil  |9 254870 
650 0 |a Pruebas  |9 256249 
583 |a last modification  |c 20131025 12:28:00  |k Rodrigo Vera 
490 0 |a Colección Filosofía y Derecho 
999 |c 353624  |d 353622 
952 |0 0  |1 0  |3 erb  |4 0  |6 347_060000000000000_TAR_2008  |7 0  |8 A  |9 458966  |a BIBDER  |b BIBDER  |d 2019-11-23  |i 5022509  |l 11  |m 5  |o 347.06 TAR 2008  |p 5022509  |r 2025-04-25  |s 2025-04-21  |w 2019-11-23  |y BK  |z Catalogado en:20131025  |k DER